[Event "Flint (MI Senior/1)"]
[Site "?"]
[Date "1991.??.??"]
[Round "?"]
[White "Demers, J."]
[Black "Swartz, J."]
[Result "0-1"]
[WhiteElo "1605"]
[BlackElo "1690"]
[PlyCount "28"]
[EventDate "1991.??.??"]

1. e4 e5 2. Nf3 Nc6 3. Bb5 Nf6 4. d3 a6 5. Ba4 b5 6. Bb3 d5 7. O-O Bg4 8. c3
dxe4 9. h3 Bh5 10. g4 Nxg4 11. hxg4 Bxg4 12. Bxf7+ Kxf7 13. Ng5+ Qxg5 14. Qb3+
Be6+ 0-1

[Event "East Lansing (MOR/4)"]
[Site "?"]
[Date "1991.??.??"]
[Round "?"]
[White "Demers, J."]
[Black "Hubbell, W."]
[Result "1-0"]
[WhiteElo "1605"]
[BlackElo "1605"]
[PlyCount "83"]
[EventDate "1991.??.??"]

1. e4 e5 2. Nf3 Nc6 3. Bb5 Nf6 4. d3 Be7 5. Bxc6 bxc6 6. Nxe5 O-O 7. Nc3 Bb7 8.
O-O d6 9. Nf3 a6 10. h3 c5 11. Bg5 Ne8 12. Bxe7 Qxe7 13. Re1 Nf6 14. Qd2 Rad8
15. b3 Qd7 16. a4 h6 17. Nh2 Rfe8 18. f4 d5 19. e5 Nh5 20. Qf2 d4 21. Ne2 Qd5
22. Nf3 f6 23. Qh4 Nxf4 24. Nxf4 Qc6 25. exf6 Qxf6 26. Rxe8+ Rxe8 27. Qxf6 gxf6
28. Re1 Rf8 29. Nh4 Kh7 30. Re7+ Kg8 31. Rxc7 Bc8 32. Rxc5 Re8 33. Kf2 Kf7 34.
Rc7+ Re7 35. Rxe7+ Kxe7 36. Nd5+ Kd6 37. Nf4 Kc5 38. Ke2 Bb7 39. Nf5 Bc6 40.
Nxh6 Kb4 41. h4 Bd5 42. Nxd5+ 1-0

[Event "East Lansing (MOR/3)"]
[Site "?"]
[Date "1991.??.??"]
[Round "?"]
[White "Demers, J."]
[Black "Helzer, J."]
[Result "0-1"]
[WhiteElo "1605"]
[BlackElo "1605"]
[PlyCount "62"]
[EventDate "1991.??.??"]

1. e4 c5 2. Nc3 Nc6 3. Nf3 g6 4. Bc4 Bg7 5. d3 Nf6 6. Be3 O-O 7. Bxc5 d6 8. Be3
b6 9. Qd2 Re8 10. Bh6 Bh8 11. h3 Bb7 12. O-O Qc7 13. d4 Nxe4 14. Nxe4 Nxd4 15.
Qxd4 Bxd4 16. Nfg5 Qxc4 17. c3 Bxe4 18. Nxe4 Be5 19. Rfe1 f5 20. Ng5 Bg7 21.
Bxg7 Kxg7 22. Ne6+ Kf6 23. Rad1 Qxa2 24. Nc7 Qxb2 25. Nxa8 Rxa8 26. Rd3 Rc8 27.
Rde3 e5 28. g4 Rxc3 29. f4 Rxe3 30. fxe5+ dxe5 31. Rxe3 f4 0-1

[Event "East Lansing (MOR/4)"]
[Site "?"]
[Date "1991.??.??"]
[Round "?"]
[White "Deese, C."]
[Black "Stockham, James"]
[Result "0-1"]
[WhiteElo "1635"]
[BlackElo "1775"]
[PlyCount "60"]
[EventDate "1991.??.??"]

1. e4 e5 2. Nf3 Nc6 3. d4 exd4 4. Nxd4 Qh4 5. Nf3 Qxe4+ 6. Be2 Be7 7. O-O Nf6
8. Nc3 Qb4 9. Nb5 Kd8 10. Bd2 Qc5 11. Be3 Qd5 12. Qc1 h6 13. Nc3 Qe6 14. Bd3 d6
15. Re1 Qd7 16. h3 g5 17. Qd2 g4 18. hxg4 Qxg4 19. Bf4 Rg8 20. Bf1 Qxf3 21. Bg3
Rxg3 22. fxg3 Qh5 23. Be2 Bg4 24. Bf3 Bxf3 25. gxf3 Ne5 26. Qe3 Qxf3 27. Qxh6
Qxg3+ 28. Kh1 Qf3+ 29. Kg1 Kd7 30. Rf1 Rg8+ 0-1

[Event "East Lansing (MOR/2)"]
[Site "?"]
[Date "1991.??.??"]
[Round "?"]
[White "Deese, C."]
[Black "Mohammed, Azziem"]
[Result "1/2-1/2"]
[WhiteElo "1635"]
[BlackElo "1785"]
[PlyCount "96"]
[EventDate "1991.??.??"]

1. e4 c6 2. d4 d5 3. Nc3 dxe4 4. Nxe4 Nf6 5. Nxf6+ gxf6 6. Be3 Nd7 7. Qd2 Nb6
8. O-O-O Bf5 9. Kb1 Qd5 10. Nf3 Be4 11. Be2 O-O-O 12. Rhg1 h5 13. Nh4 e6 14. f3
Bh7 15. Qc1 Be7 16. Ka1 Nc4 17. Bf2 f5 18. f4 Bg6 19. Bxc4 Qxc4 20. Rge1 Bxh4
21. Bxh4 Rxd4 22. Rxd4 Qxd4 23. Rd1 Qb6 24. Qd2 Qc7 25. Qd4 Re8 26. Qxa7 Qb8
27. Rd8+ Rxd8 28. Qxb8+ Kxb8 29. Bxd8 Kc8 30. Bf6 Kd7 31. c4 c5 32. g3 Kc6 33.
a3 b5 34. cxb5+ Kxb5 35. b3 c4 36. b4 h4 37. gxh4 Bh5 38. Kb2 Be2 39. Kc3 Ka4
40. h5 Bxh5 41. Kxc4 Be2+ 42. Kc5 Bb5 43. h4 Be2 44. h5 Bxh5 45. b5 Bf3 46. b6
Ka5 47. Bd4 Ka6 48. Kd6 Bh5 1/2-1/2

[Event "East Lansing (MOR/6)"]
[Site "?"]
[Date "1991.??.??"]
[Round "?"]
[White "Deese, C."]
[Black "Dyer, Todd"]
[Result "1-0"]
[WhiteElo "1635"]
[BlackElo "1605"]
[PlyCount "129"]
[EventDate "1991.??.??"]

1. e4 e5 2. Nf3 Nc6 3. d4 exd4 4. Nxd4 Nf6 5. Nc3 Bb4 6. Nxc6 bxc6 7. Bd2 O-O
8. f3 Bb7 9. a3 Ba5 10. Ne2 Bb6 11. Ng3 Re8 12. Qe2 d5 13. O-O-O Qe7 14. Bc3
dxe4 15. Bxf6 Qxf6 16. Nxe4 Qf4+ 17. Kb1 f5 18. Qd2 Qxd2 19. Nxd2 Rad8 20. Bd3
g6 21. Nb3 c5 22. Rd2 Bd5 23. Rhd1 Bxb3 24. cxb3 Rd4 25. Bc4+ Kg7 26. Rxd4 cxd4
27. b4 Rd8 28. a4 c6 29. Re1 Rd7 30. Kc2 a5 31. bxa5 Bxa5 32. Re6 c5 33. Rc6
Bb4 34. Ra6 Kh6 35. Ra8 Be1 36. a5 Bh4 37. a6 Bd8 38. Rb8 Kg5 39. a7 Rxa7 40.
Rxd8 Ra4 41. Kd3 Ra1 42. Rc8 Rb1 43. b3 Rd1+ 44. Ke2 Rc1 45. Rxc5 d3+ 46. Kxd3
Rg1 47. b4 Rxg2 48. b5 Rxh2 49. b6 Rb2 50. Rb5 Rxb5 51. Bxb5 h5 52. b7 h4 53.
b8=Q Kh5 54. Qf4 h3 55. Qg3 h2 56. Qxh2+ Kg5 57. f4+ Kg4 58. Qh6 Kf3 59. Bc6+
Kg4 60. Qg5+ Kh3 61. Bg2+ Kh2 62. Qxg6 Kg1 63. Bf3+ Kf2 64. Qg2+ Ke1 65. Qe2#
1-0

[Event "East Lansing (MOR/4)"]
[Site "?"]
[Date "1991.??.??"]
[Round "?"]
[White "DeVries, D."]
[Black "Smeckert, Dennis"]
[Result "1/2-1/2"]
[WhiteElo "1605"]
[BlackElo "1605"]
[PlyCount "52"]
[EventDate "1991.??.??"]

1. e4 e5 2. f4 d6 3. Nf3 Bg4 4. Be2 Nc6 5. O-O Qd7 6. Nc3 Nf6 7. f5 O-O-O 8. d3
d5 9. Bg5 Bxf3 10. Bxf3 d4 11. Nd5 Be7 12. Nxf6 Bxf6 13. Bxf6 gxf6 14. Qd2 h5
15. h4 Qe7 16. Qe2 Qf8 17. g3 Qh6 18. Rf2 Rdg8 19. Kh2 Rh7 20. Qd2 Qe3 21. Re1
Qxd2 22. Rxd2 Na5 23. c3 Nc6 24. Rc1 Rd8 25. Bd1 Rhh8 26. Ba4 Rd6 1/2-1/2

[Event "East Lansing (MOR/2)"]
[Site "?"]
[Date "1991.??.??"]
[Round "?"]
[White "DeVries, D."]
[Black "Russell, K."]
[Result "0-1"]
[WhiteElo "1605"]
[BlackElo "1645"]
[PlyCount "38"]
[EventDate "1991.??.??"]

1. e4 c5 2. Nf3 d6 3. d4 cxd4 4. Nxd4 Nf6 5. Nc3 a6 6. Bc4 g6 7. O-O Bg7 8. Re1
O-O 9. h4 Nc6 10. Nxc6 bxc6 11. Bg5 Ng4 12. Be2 Ne5 13. h5 f5 14. hxg6 hxg6 15.
f4 Qb6+ 16. Kf1 Ng4 17. Bxg4 fxg4 18. Nd5 cxd5 19. Qxd5+ e6 0-1

[Event "East Lansing (MOR/6)"]
[Site "?"]
[Date "1991.??.??"]
[Round "?"]
[White "DeVries, D."]
[Black "LaGuire, D."]
[Result "0-1"]
[WhiteElo "1605"]
[BlackElo "1605"]
[PlyCount "78"]
[EventDate "1991.??.??"]

1. e4 e6 2. d4 d5 3. Nc3 Bb4 4. exd5 exd5 5. Bd2 Nf6 6. Nf3 O-O 7. Bd3 Re8+ 8.
Ne2 Bxd2+ 9. Qxd2 Bg4 10. Ne5 Bxe2 11. Bxe2 Nbd7 12. f4 Ne4 13. Qd3 f6 14. Nxd7
Qxd7 15. Rf1 f5 16. O-O-O Re6 17. g4 Ra6 18. a3 Rf8 19. h3 Rff6 20. Qb5 c6 21.
Qd3 Qc7 22. Qf3 b5 23. gxf5 Rb6 24. Bd3 b4 25. a4 Nc3 26. bxc3 bxc3 27. Be2 Qe7
28. Qxc3 Qxe2 29. Rde1 Qh5 30. Re6 Qxf5 31. Re8+ Rf8 32. Re5 Qc8 33. Qg3 Qb8
34. Kd2 Rb4 35. Re6 Rxd4+ 36. Ke3 Rxa4 37. Rf3 Qb6+ 38. Ke2 Rc4 39. Rb3 Rxc2+
0-1

[Event "Detroit (HPO/4/20)"]
[Site "?"]
[Date "1991.??.??"]
[Round "?"]
[White "Davy, Erez"]
[Black "Anderson, JA."]
[Result "0-1"]
[WhiteElo "1740"]
[BlackElo "1835"]
[PlyCount "100"]
[EventDate "1991.??.??"]

{4/(20)} 1. c4 c5 2. Nf3 Nf6 3. Nc3 Nc6 4. g3 g6 5. Bg2 Bg7 6. O-O O-O 7. d3 d6
8. a3 Bg4 9. Rb1 Rb8 10. Bd2 Qd7 11. b4 Bh3 12. b5 Bxg2 13. Kxg2 Nd4 14. Nxd4
cxd4 15. Na2 e5 16. Rh1 b6 17. h4 Ng4 18. Nb4 f5 19. Nc6 Rbc8 20. f4 Rxc6 21.
bxc6 Qxc6+ 22. Kg1 e4 23. Qc1 Re8 24. Qb2 Qa4 25. Qc1 h5 26. Qd1 Qc6 27. Qb3
exd3 28. Qxd3 Ne3 29. Rh2 Nxc4 30. Rc1 b5 31. Bb4 Re3 32. Qd1 Rxg3+ 33. Kf2 Re3
34. Bd2 Rxa3 35. Rg2 Qe4 36. Rxg6 Ne3 37. Qg1 Ng4+ 38. Ke1 Kh7 39. Rxd6 d3 40.
Qf1 dxe2 41. Qxe2 Qh1+ 42. Qf1 Qxh4+ 43. Kd1 Nf2+ 44. Kc2 Ra2+ 45. Kb1 Rb2+ 46.
Ka1 Rxd2+ 47. Kb1 Rxd6 48. Qg1 Qxf4 49. Rf1 Qb4+ 50. Kc2 Qb2# 0-1

[Event "East Lansing (MOR/4)"]
[Site "?"]
[Date "1991.??.??"]
[Round "?"]
[White "Davis, Ralph"]
[Black "Williams, Duane"]
[Result "0-1"]
[WhiteElo "1605"]
[BlackElo "1630"]
[PlyCount "84"]
[EventDate "1991.??.??"]

1. d4 Nf6 2. e3 d6 3. Bd3 g6 4. f4 Bg7 5. Nf3 b6 6. O-O Bb7 7. Nbd2 O-O 8. c3
c5 9. e4 cxd4 10. cxd4 Nh5 11. Nc4 Nc6 12. d5 Nb4 13. a3 Nxd3 14. Qxd3 Ba6 15.
a4 Qc8 16. Nfd2 Qc5+ 17. Kh1 Rac8 18. Qa3 Qxa3 19. Nxa3 Bxf1 20. Nxf1 Rxc1 21.
Rxc1 Bxb2 22. Rc7 Bxa3 23. Rxa7 Nxf4 24. g3 Ne2 25. Ne3 Bc5 26. Nf1 e6 27. a5
bxa5 28. Rxa5 exd5 29. e5 Re8 30. exd6 Bxd6 31. Rxd5 Bb8 32. Rd3 Kg7 33. Re3
Rxe3 34. Nxe3 Ba7 35. Nf1 Kf6 36. Kg2 Ng1 37. g4 Kg5 38. h3 Kh4 39. Nh2 Bb6 40.
Nf3+ Nxf3 41. Kxf3 Kxh3 42. Kf4 Be3+ 0-1

[Event "Detroit (MI Action/2)"]
[Site "?"]
[Date "1991.??.??"]
[Round "?"]
[White "Davis, Ralph"]
[Black "West, Tony"]
[Result "1-0"]
[WhiteElo "1605"]
[BlackElo "1605"]
[PlyCount "37"]
[EventDate "1991.??.??"]

1. d4 d5 2. c4 dxc4 3. e4 Nf6 4. Nc3 Nc6 5. Nf3 a5 6. Bxc4 e6 7. O-O Bb4 8. e5
Ng4 9. h3 Nh6 10. Ng5 O-O 11. a3 Be7 12. Nf3 a4 13. Bxh6 gxh6 14. Nxa4 Na5 15.
Bd3 Qd5 16. Qd2 c6 17. Qxh6 Re8 18. Qxh7+ Kf8 19. Qh8# 1-0

[Event "East Lansing (MOR/6)"]
[Site "?"]
[Date "1991.??.??"]
[Round "?"]
[White "Davis, Ralph"]
[Black "Vangilder, W."]
[Result "1-0"]
[WhiteElo "1605"]
[BlackElo "1605"]
[PlyCount "78"]
[EventDate "1991.??.??"]

1. d4 Nf6 2. Nd2 e6 3. e3 Be7 4. Bd3 O-O 5. f4 c5 6. c3 cxd4 7. exd4 b6 8. Ngf3
Ba6 9. Bxa6 Nxa6 10. O-O Nc7 11. c4 d5 12. b3 Rb8 13. a4 a5 14. Ne5 Qe8 15. Qc2
Nd7 16. Nc6 Rb7 17. Nxe7+ Qxe7 18. Ba3 Qf6 19. Bxf8 Qxd4+ 20. Kh1 Nxf8 21. f5
Ne8 22. Rad1 exf5 23. Nf3 Qc5 24. Rxd5 Qb4 25. Qb2 Rd7 26. Rb5 Qd6 27. Qb1 Ne6
28. h3 Nf6 29. Ne5 Rd8 30. Qxf5 Nd4 31. Qf4 Nxb5 32. cxb5 Qe6 33. Nc6 Re8 34.
Qg5 Ne4 35. Qf4 Qxb3 36. Kg1 Qe6 37. Re1 Qc4 38. Ne7+ Kf8 39. Rxe4 Qc5+ 1-0

[Event "Detroit (HPO/5/35)"]
[Site "?"]
[Date "1991.??.??"]
[Round "?"]
[White "Davis, Ralph"]
[Black "Pettiford, Darnell"]
[Result "0-1"]
[WhiteElo "1605"]
[BlackElo "1605"]
[PlyCount "64"]
[EventDate "1991.??.??"]

{5/(35)} 1. d4 Nf6 2. e3 g6 3. Bd3 Bg7 4. f4 d6 5. Nf3 Bg4 6. O-O Nbd7 7. Nbd2
Nd5 8. Qe1 e5 9. fxe5 dxe5 10. dxe5 Nxe5 11. Nxe5 Bxe5 12. Nc4 Bg7 13. Rb1 Qe7
14. a3 O-O 15. Bd2 Rae8 16. e4 Nf6 17. Kh1 Nxe4 18. Bxe4 Qxe4 19. Qxe4 Rxe4 20.
Ne3 Be6 21. b4 Rd8 22. Rbd1 Bh6 23. Rfe1 Bxe3 24. Bc3 Rxd1 25. Rxd1 f5 26. Rd8+
Kf7 27. h3 Rc4 28. Rd3 Bc1 29. a4 Rf4 30. Kg1 Bc4 31. Rd7+ Ke6 32. Rxc7 Rf1+
0-1

[Event "East Lansing (MOR/7)"]
[Site "?"]
[Date "1991.??.??"]
[Round "?"]
[White "Davis, Ralph"]
[Black "Nixon, Peter"]
[Result "1-0"]
[WhiteElo "1605"]
[BlackElo "1605"]
[PlyCount "63"]
[EventDate "1991.??.??"]

1. d4 Nf6 2. Nd2 g6 3. e3 Bg7 4. Bd3 O-O 5. f4 d6 6. Ngf3 Nc6 7. c3 Bd7 8. Qe2
Ne8 9. Rb1 a5 10. e4 f5 11. e5 e6 12. O-O Ne7 13. b3 Nd5 14. Bb2 Nxf4 15. Qe3
dxe5 16. Nxe5 Bxe5 17. Rxf4 Bxf4 18. Qxf4 Bc6 19. c4 Qd6 20. Qg5 Nf6 21. h3 b6
22. d5 exd5 23. Re1 Kf7 24. Qh6 d4 25. c5 Qg3 26. Bc4+ Bd5 27. Bxd5+ Nxd5 28.
Qxh7+ Kf6 29. Bxd4+ Kg5 30. h4+ Kg4 31. Qxg6+ Kxh4 32. Bf2 1-0

[Event "East Lansing (MOR/3)"]
[Site "?"]
[Date "1991.??.??"]
[Round "?"]
[White "Davis, Ralph"]
[Black "Griffin, John"]
[Result "1/2-1/2"]
[WhiteElo "1605"]
[BlackElo "1610"]
[PlyCount "81"]
[EventDate "1991.??.??"]

1. e4 c5 2. Nf3 Nc6 3. c3 d5 4. exd5 Qxd5 5. c4 Qd8 6. Nc3 e6 7. g3 Nf6 8. Bg2
Be7 9. a3 a6 10. O-O O-O 11. Re1 Rb8 12. Qc2 Nd4 13. Nxd4 Qxd4 14. Ne2 Qe5 15.
d3 Qc7 16. Nc3 b6 17. Ne4 Nxe4 18. Bxe4 Bb7 19. Bf4 Bd6 20. Bxd6 Qxd6 21. Rad1
Qc7 22. Bxb7 Qxb7 23. d4 cxd4 24. Rxd4 Rbd8 25. Rxd8 Rxd8 26. Rd1 Rd7 27. Qa4
Rxd1+ 28. Qxd1 g6 29. b4 Qc6 30. Qd3 h5 31. b5 axb5 32. cxb5 Qc7 33. a4 Kf8 34.
a5 bxa5 35. Qa3+ Ke8 36. Qa4 Kd8 37. Qa3 Kc8 38. Qb2 Kb7 39. Qd4 Qb6 40. Qd7+
Qc7 41. Qd4 1/2-1/2

[Event "Detroit (HPO/3/30)"]
[Site "?"]
[Date "1991.??.??"]
[Round "?"]
[White "Davis, Ralph"]
[Black "Calton, David A"]
[Result "1/2-1/2"]
[WhiteElo "1605"]
[BlackElo "1605"]
[PlyCount "69"]
[EventDate "1991.??.??"]

{3/(30)} 1. d4 g6 2. e3 Bg7 3. Bd3 Nc6 4. f4 d6 5. Nf3 f5 6. O-O Nf6 7. c3 O-O
8. Nbd2 Re8 9. e4 fxe4 10. Nxe4 Nxe4 11. Bxe4 Bd7 12. Bxc6 Bxc6 13. d5 Bb5 14.
Re1 c6 15. Nd4 e5 16. Nxb5 Qb6+ 17. Be3 Qxb5 18. dxc6 Qxc6 19. fxe5 Bxe5 20.
Bd4 Bxd4+ 21. Qxd4 Qc5 22. Qxc5 dxc5 23. Rad1 Rxe1+ 24. Rxe1 Rd8 25. Re2 Kf7
26. Kf2 Kf6 27. Kf3 Rd7 28. g4 b6 29. h4 g5 30. hxg5+ Kxg5 31. Re4 Kf6 32. Re2
Re7 33. Rxe7 Kxe7 34. g5 Kf7 35. Kf4 1/2-1/2

[Event "East Lansing (MOR/4)"]
[Site "?"]
[Date "1991.??.??"]
[Round "?"]
[White "Davis, Michael"]
[Black "Saulmon, Scott"]
[Result "0-1"]
[WhiteElo "1605"]
[BlackElo "1725"]
[PlyCount "90"]
[EventDate "1991.??.??"]

1. d4 Nf6 2. c4 g6 3. Nc3 Bg7 4. e4 d6 5. f3 O-O 6. Bd3 e5 7. d5 c6 8. Bg5 h6
9. Bh4 Nbd7 10. Nge2 a5 11. Bf2 Nh5 12. Qd2 g5 13. h4 Nf4 14. Nxf4 exf4 15.
O-O-O Bf6 16. hxg5 Bxg5 17. Kb1 Ne5 18. Rdg1 c5 19. Qe2 Re8 20. g3 Kf8 21. gxf4
Bxf4 22. Bh4 Bg5 23. Bxg5 hxg5 24. Bc2 Qf6 25. f4 gxf4 26. Qh5 Bd7 27. Qh7 Ke7
28. Qh5 Nxc4 29. b3 Ne5 30. Qe2 Rh8 31. Rxh8 Rxh8 32. Nb5 f3 33. Qf1 f2 34. Rg2
Bxb5 35. Qxf2 Qxf2 36. Rxf2 Rh1+ 37. Kb2 Nd3+ 38. Bxd3 Bxd3 39. Rf4 Re1 40. Rh4
Bxe4 41. Rh5 Rd1 42. Rh8 Bxd5 43. Ra8 f5 44. Rxa5 f4 45. Ra4 Rd4 0-1

[Event "East Lansing (MOR/2)"]
[Site "?"]
[Date "1991.??.??"]
[Round "?"]
[White "Davis, Michael"]
[Black "Neff, M."]
[Result "1-0"]
[WhiteElo "1605"]
[BlackElo "1700"]
[PlyCount "120"]
[EventDate "1991.??.??"]

1. d4 Nf6 2. c4 g6 3. Nc3 Bg7 4. e4 d6 5. f3 Nbd7 6. Be3 O-O 7. Bd3 e5 8. d5 b6
9. b4 Bb7 10. Nge2 a6 11. a4 c6 12. b5 cxb5 13. axb5 a5 14. O-O Qc7 15. Na4 Nc5
16. Nxc5 dxc5 17. Nc3 Qd6 18. Qd2 Rfe8 19. Bh6 Bh8 20. Na4 Nd7 21. Ra2 f6 22.
Be3 Re7 23. h3 Rf7 24. Qc2 Bg7 25. f4 Bh6 26. Qf2 Raf8 27. f5 Bxe3 28. Qxe3 g5
29. Be2 Rg7 30. Bh5 Kh8 31. Rf3 Rfg8 32. Ra3 Bc8 33. Rg3 Nb8 34. Qe2 Bd7 35. h4
Be8 36. Bxe8 Rxe8 37. hxg5 fxg5 38. Qh5 Reg8 39. Raf3 Nd7 40. Rf1 Rf8 41. Rxg5
Rxg5 42. Qxg5 Nf6 43. Qh6 Nxe4 44. Qxd6 Nxd6 45. Nxb6 Rxf5 46. Rxf5 Nxf5 47.
Na4 Nd6 48. b6 Nb7 49. d6 Kg7 50. d7 Kf7 51. Nxc5 Ke7 52. Nxb7 Kxd7 53. Nxa5
Kc8 54. c5 Kb8 55. Nc6+ Kb7 56. Nd8+ Kc8 57. b7+ Kc7 58. c6 h5 59. Kf2 h4 60.
Ke3 Kb8 1-0

[Event "East Lansing (MOR/6)"]
[Site "?"]
[Date "1991.??.??"]
[Round "?"]
[White "Davis, Michael"]
[Black "Munger, Larry"]
[Result "0-1"]
[WhiteElo "1605"]
[BlackElo "1720"]
[PlyCount "168"]
[EventDate "1991.??.??"]

1. d4 Nf6 2. c4 g6 3. Nc3 Bg7 4. e4 d6 5. f3 O-O 6. Be3 Na6 7. a3 c5 8. d5 Nc7
9. Bd3 b6 10. b4 Nd7 11. Qd2 Ne5 12. Nge2 e6 13. O-O exd5 14. exd5 Nxd3 15.
Qxd3 Bf5 16. Qd2 Qh4 17. f4 Rae8 18. Rac1 Qe7 19. Bf2 Bxc3 20. Nxc3 Qd7 21.
Rfe1 a6 22. Rxe8 Rxe8 23. Re1 Rxe1+ 24. Qxe1 Bd3 25. bxc5 bxc5 26. Bh4 f5 27.
Qe7 Qxe7 28. Bxe7 Ne8 29. Na4 Kf7 30. Bg5 Bxc4 31. Nb6 Bb3 32. Bh4 Nc7 33. Nc8
Nxd5 34. Nxd6+ Ke6 35. Nb7 c4 36. Be1 Nxf4 37. Nc5+ Kd5 38. Nxa6 Nd3 39. Nb4+
Ke4 40. Bc3 Nc5 41. Kf2 Na4 42. Bh8 g5 43. Bg7 h5 44. Bh6 g4 45. h3 gxh3 46.
gxh3 f4 47. h4 Nc3 48. Bg5 Nb5 49. Bh6 Nxa3 50. Bg5 Nc2 51. Nxc2 Bxc2 52. Bf6
Kf5 53. Bc3 Kg4 54. Be1 Bd3 55. Kg1 Kf3 56. Bc3 Kg3 57. Be1+ Kg4 58. Kf2 Kxh4
59. Kf3+ Kg5 60. Bd2 Kf5 61. Bxf4 c3 62. Kg3 c2 63. Bc1 Be2 64. Kh4 Ke4 65. Kg3
Kd3 66. Kf2 Bg4 67. Bh6 Kc3 68. Bc1 Kb3 69. Kg3 Ka2 70. Kh4 Kb1 71. Bh6 c1=Q
72. Bxc1 Kxc1 73. Kg5 Kd2 74. Kh4 Ke2 75. Kg3 Kf1 76. Kh2 Kf2 77. Kh1 Bf3+ 78.
Kh2 Bc6 79. Kh3 Kg1 80. Kg3 Bd7 81. Kh4 Bg4 82. Kg3 Kh1 83. Kh4 Kg2 84. Kg5 Kg3
0-1

[Event "Detroit (HPO/2/37)"]
[Site "?"]
[Date "1991.??.??"]
[Round "?"]
[White "Davis, Michael"]
[Black "Bood, L."]
[Result "0-1"]
[WhiteElo "1605"]
[BlackElo "1605"]
[PlyCount "94"]
[EventDate "1991.??.??"]

{2/(37)} 1. d4 d5 2. e3 Nf6 3. Bd3 g6 4. Nf3 Bg7 5. c4 c6 6. c5 O-O 7. Ne5 b6
8. Qc2 Qc7 9. O-O Nfd7 10. Nxd7 Qxd7 11. cxb6 axb6 12. f4 Ba6 13. f5 Bxd3 14.
Qxd3 Na6 15. a3 c5 16. Nc3 c4 17. Qc2 Nb4 18. Qf2 Nd3 19. Qf3 Rfd8 20. fxg6
fxg6 21. Qe2 e5 22. dxe5 Bxe5 23. Nd1 Rf8 24. Nf2 Nxf2 25. Rxf2 Qd6 26. h3 b5
27. Rb1 d4 28. Bd2 d3 29. Rxf8+ Qxf8 30. Qg4 Re8 31. a4 Qc5 32. Qd7 Re7 33.
Qxb5 Qxb5 34. axb5 Rb7 35. Bc3 Rxb5 36. Bxe5 Rxe5 37. Kf2 Rb5 38. Ke1 c3 39. b4
c2 40. Rc1 Rxb4 41. Kd2 Rb1 42. g3 Kf7 43. h4 h5 44. e4 Ke6 45. e5 Kxe5 46. g4
hxg4 47. h5 gxh5 0-1

[Event "Detroit (HPO/3/33)"]
[Site "?"]
[Date "1991.??.??"]
[Round "?"]
[White "Davis, Michael"]
[Black "Ashman, Brad"]
[Result "1-0"]
[WhiteElo "1605"]
[BlackElo "1605"]
[PlyCount "129"]
[EventDate "1991.??.??"]

{3/(33)} 1. d4 d5 2. e3 Nc6 3. f4 Bf5 4. Nf3 Nb4 5. Bd3 Nxd3+ 6. cxd3 Nf6 7.
Nc3 e6 8. O-O Bd6 9. h3 h6 10. Nh4 Bh7 11. Nf3 Nh5 12. Kh2 c5 13. dxc5 Bxc5 14.
d4 Bd6 15. Ne5 Bxe5 16. fxe5 Qh4 17. Qf3 f5 18. exf6 Nxf6 19. g3 Qh5 20. Qxh5+
Nxh5 21. Rf2 Nf6 22. Nb5 O-O 23. Nc7 Rac8 24. Nxe6 Rfe8 25. Nf4 Ne4 26. Re2 Nf6
27. b3 g5 28. Ng2 Ne4 29. Bb2 Rf8 30. Rc1 Rxc1 31. Bxc1 Rf2 32. Rxf2 Nxf2 33.
h4 Ng4+ 34. Kg1 Be4 35. a3 b5 36. hxg5 Bxg2 37. Kxg2 hxg5 38. e4 dxe4 39. Bxg5
Kf7 40. d5 Ne5 41. Bf4 Ng4 42. Kf1 a5 43. Ke2 Nf6 44. d6 Ke6 45. Ke3 Kf5 46.
Kd4 Ke6 47. b4 a4 48. Bg5 Ne8 49. Be7 Nxd6 50. Bxd6 Kxd6 51. Kxe4 Ke6 52. Kd4
Kd6 53. g4 Ke6 54. Kc5 Kf6 55. Kxb5 Kg5 56. Kc5 Kxg4 57. b5 Kf3 58. b6 Ke3 59.
b7 Kd3 60. b8=Q Kc3 61. Qb4+ Kc2 62. Kc4 Kd1 63. Qb2 Ke1 64. Qg2 Kd1 65. Kd3
1-0

[Event "East Lansing (MOR/3)"]
[Site "?"]
[Date "1991.??.??"]
[Round "?"]
[White "Dakins, J."]
[Black "Williams, BM."]
[Result "1-0"]
[WhiteElo "1605"]
[BlackElo "1680"]
[PlyCount "99"]
[EventDate "1991.??.??"]

1. d4 Nf6 2. c4 g6 3. Nc3 Bg7 4. e4 d6 5. Nf3 Bg4 6. Be2 Bxf3 7. Bxf3 O-O 8. e5
c6 9. exf6 exf6 10. O-O f5 11. Be3 Qc7 12. Qd2 Nd7 13. Bh6 Nf6 14. Bxg7 Kxg7
15. Rfe1 h5 16. d5 c5 17. b3 Rh8 18. Qf4 a6 19. Re2 Qa5 20. Qd2 Rh6 21. Rae1
Ng4 22. Qb2 Ne5 23. Re3 f6 24. Bd1 f4 25. Re4 Nd3 26. Qd2 Nxe1 27. Qxe1 Rhh8
28. h4 Raf8 29. Re7+ Rf7 30. Rxf7+ Kxf7 31. Bc2 Re8 32. Bxg6+ Kxg6 33. Qxe8+
Kg7 34. Qe7+ Kg6 35. Qe4+ Kg7 36. Qc2 b5 37. Kh2 bxc4 38. bxc4 Qd8 39. Qf5 Qe8
40. Ne4 Qe5 41. Qxe5 fxe5 42. Nxd6 Kf6 43. Ne4+ Kf5 44. f3 a5 45. Nxc5 Kf6 46.
Ne4+ Ke7 47. a4 Kf7 48. c5 Ke7 49. d6+ Ke6 50. c6 1-0

[Event "East Lansing (MOR/7)"]
[Site "?"]
[Date "1991.??.??"]
[Round "?"]
[White "Dakins, J."]
[Black "Sundeen, David"]
[Result "0-1"]
[WhiteElo "1605"]
[BlackElo "1695"]
[PlyCount "118"]
[EventDate "1991.??.??"]

1. d4 Nf6 2. c4 g6 3. Nc3 Bg7 4. e4 d6 5. f4 O-O 6. Nf3 Nbd7 7. Be2 b6 8. O-O
Bb7 9. e5 dxe5 10. fxe5 Ne4 11. Bd3 Nxc3 12. bxc3 c5 13. Bf4 e6 14. Qd2 Qe8 15.
Rae1 Rc8 16. h4 cxd4 17. cxd4 Ba6 18. h5 Bxc4 19. Bxc4 Rxc4 20. h6 Bh8 21. Nh2
f6 22. Re3 fxe5 23. Bxe5 Rxf1+ 24. Kxf1 Nxe5 25. dxe5 Qc8 26. Nf3 Rc1+ 27. Re1
Qc4+ 28. Kg1 Rxe1+ 29. Qxe1 Qf4 30. Qc3 Qxh6 31. Qc8+ Qf8 32. Qxe6+ Qf7 33.
Qc8+ Kg7 34. e6 Qe7 35. Qd7 Kf8 36. Qc8+ Qe8 37. Qc4 Bf6 38. Nd2 Qd8 39. Nf3
Ke7 40. Kf1 Qd6 41. Ke2 Qxe6+ 42. Qxe6+ Kxe6 43. Kd3 Kd5 44. g4 b5 45. g5 Bg7
46. Kc2 a5 47. Nd2 h6 48. Nf3 hxg5 49. Nxg5 a4 50. Nh3 Kc4 51. Nf4 g5 52. Ng2
Bd4 53. Ne1 g4 54. Ng2 b4 55. Kb1 Kd3 56. Nf4+ Ke4 57. Ne2 b3 58. axb3 axb3 59.
Ng3+ Kf3 0-1

[Event "East Lansing (MOR/1)"]
[Site "?"]
[Date "1991.??.??"]
[Round "?"]
[White "Dakins, J."]
[Black "Schmiege, G."]
[Result "1/2-1/2"]
[WhiteElo "1605"]
[BlackElo "1605"]
[PlyCount "66"]
[EventDate "1991.??.??"]

1. d4 Nf6 2. c4 g6 3. Nc3 d5 4. Nf3 Bg7 5. Bf4 c6 6. e3 O-O 7. Be2 Nbd7 8. O-O
Re8 9. h3 Nh5 10. Bh2 dxc4 11. Bxc4 e5 12. Nxe5 Nxe5 13. dxe5 Qb6 14. g4 Bxe5
15. Bxe5 Rxe5 16. gxh5 Bxh3 17. Qf3 Be6 18. Bxe6 fxe6 19. hxg6 hxg6 20. Qf6 Qa5
21. Ne4 Rxe4 22. Qxg6+ Kh8 23. Qxe4 Rg8+ 24. Qg2 Rxg2+ 25. Kxg2 Qg5+ 26. Kf3
Qh5+ 27. Ke4 Qd5+ 28. Kf4 Qf5+ 29. Kg3 Qg5+ 30. Kf3 Qh5+ 31. Ke4 Qd5+ 32. Kf4
Qf5+ 33. Kg3 Qg5+ 1/2-1/2

[Event "East Lansing (MOR/5)"]
[Site "?"]
[Date "1991.??.??"]
[Round "?"]
[White "Dakins, J."]
[Black "Rostrom, Richard"]
[Result "0-1"]
[WhiteElo "1605"]
[BlackElo "1690"]
[PlyCount "82"]
[EventDate "1991.??.??"]

1. d4 Nf6 2. c4 c5 3. Nf3 g6 4. Nc3 b6 5. d5 d6 6. e4 Nbd7 7. Be2 Bg7 8. O-O
O-O 9. Bf4 Nh5 10. Bd2 Ne5 11. Nxe5 Bxe5 12. Bxh5 gxh5 13. Qxh5 Kh8 14. f4 Bd4+
15. Kh1 f5 16. Qe2 Rg8 17. Rab1 a6 18. Qd3 Qf8 19. Ne2 fxe4 20. Qb3 Qg7 21. g3
Bh3 22. Rg1 Qg4 23. Nxd4 cxd4 24. Qd1 e3 25. Qxg4 Bxg4 26. Be1 Bf3+ 27. Rg2
Rac8 28. Rc1 Bxd5 29. Kg1 Bxg2 30. Kxg2 b5 31. b3 bxc4 32. bxc4 Rc6 33. Kf3
Rgc8 34. Ke4 Rxc4 35. Rxc4 Rxc4 36. Kd5 Rc1 37. Bb4 e2 38. Kxd4 Rb1 39. Bc3 Kg8
40. h4 e1=Q 41. Bxe1 Rxe1 0-1

[Event "East Lansing (MOR/5)"]
[Site "?"]
[Date "1991.??.??"]
[Round "?"]
[White "Croel, Duane"]
[Black "Pope, Nick"]
[Result "1-0"]
[WhiteElo "1780"]
[BlackElo "1610"]
[PlyCount "49"]
[EventDate "1991.??.??"]

1. d4 d5 2. c4 e5 3. dxe5 d4 4. Nf3 Nc6 5. g3 Be6 6. Nbd2 Qd7 7. Bg2 Nge7 8.
O-O Ng6 9. Nb3 O-O-O 10. Bg5 Be7 11. Bxe7 Qxe7 12. Rc1 Qd7 13. Nc5 Qe7 14. Nxe6
Qxe6 15. Qa4 Kb8 16. c5 Ngxe5 17. Nxe5 Nxe5 18. Rfd1 d3 19. exd3 Rxd3 20. Re1
Qh6 21. f4 Ng4 22. h3 Nf6 23. Qb5 Rd5 24. Bxd5 c6 25. Bxc6 1-0